Blooket Games Quiz - Statistics

General Stats
  • This quiz has been taken 37 times
  • The average score is 4 of 7
Answer Stats
Hint/Genre Answer % Correct
The title is the genre. Tower Defense
93%
The only sequel to a game mode Tower Defense 2
74%
Incremental money maker Factory
67%
Rogue-like wave defense Monster Brawl
63%
Rogue-like turn-based card game Tower of Doom
59%
Speed and precision based Café
56%
Strategic resource management Crazy Kingdom
37%
No matching quizzes found
Score Distribution
Percent of People with Each Score
Percentile by Number Answered
Your Score History
You have not taken this quiz